Soil fertility evaluation and control

Đã lưu trong:
Bibliografiske detaljer
Hovedforfatter: Charles A Black
Format: Bog
Sprog:Undetermined
Udgivet: Boca Raton Lewis Publishers 1993
Fag:
Tags: Tilføj Tag
Ingen Tags, Vær først til at tagge denne postø!
Thư viện lưu trữ: Trung tâm Học liệu Trường Đại học Cần Thơ
LEADER 00578nam a2200205Ia 4500
001 CTU_38499
008 210402s9999 xx 000 0 und d
082 |a 631.422 
082 |b B628 
100 |a Charles A Black 
245 0 |a Soil fertility evaluation and control 
245 0 |c Charles A Black 
260 |a Boca Raton 
260 |b Lewis Publishers 
260 |c 1993 
526 |a Thâm cứu phì nhiêu đất 
526 |b NN717 
650 |a fertilizers,soil fertility 
904 |i Liên, 990405 
980 |a Trung tâm Học liệu Trường Đại học Cần Thơ